Statistiques concernant Romans d'Agatha Christie - Clic Quiz

Cliquez ici pour prendre le quiz!

Statistiques générales

  • Ce quiz a été pris 197 fois
  • Le résultat moyen est 18 sur 24

Statistiques - réponses

HintRéponse% Correct
Mort sur ...Le Nil
93%
Le Crime de ...L'Orient Express
92%
Une Mémoire ...D'Éléphant
89%
Le Chat et ...Les Pigeons
88%
Le Cheval à ...Bascule
87%
Un ...Deux, Trois
86%
Ils étaient ...Dix
86%
Cinq ...Petits Cochons
84%
Le miroir ...Se brisa
84%
La Mystérieuse ...Affaire de Styles
83%
Rendez-vous avec ...La mort
79%
La Plume ...Empoisonnée
77%
La Maison du ...Péril
77%
Drame ...En trois actes
76%
Passager ...Pour Francfort
75%
Une poignée de ...Seigle
75%
Le Couteau ...Sur la Nuque
75%
Le Meurtre de ...Roger Ackroyd
73%
Cinq heures ...Vingt-cinq
70%
Le Train de ...16h50
62%
Les Sept ...Cadrans
60%
La Fête ...Du Potiron
59%
Le Mystérieux ...Mr. Quinn
57%
Le Secret de ...Chimneys
43%

Distribution des résultats

Percentile par nombre de réponses

% des personnes avec chaque résultat

Votre développement - résultats

Vous n’avez pas pris ce quiz